[Event "GER-chT U14"]
[Site "Magdeburg"]
[Date "2012.12.30"]
[Round "7.1"]
[White "Oberhofer, Cedric"]
[Black "Ridder, David"]
[Result "0-1"]
[WhiteElo "1806"]
[BlackElo "1582"]
[PlyCount "66"]
[EventDate "2012.12.27"]
[EventType "team-swiss"]
[EventRounds "7"]
[EventCountry "GER"]
[SourceTitle "EXT 2014"]
[Source "ChessBase"]
[SourceDate "2013.11.20"]
[SourceVersion "1"]
[SourceVersionDate "2013.11.20"]
[SourceQuality "1"]
[WhiteTeam "Regensburg Bavaria"]
[BlackTeam "Raesfeld Erle"]
[WhiteTeamCountry "GER"]
[BlackTeamCountry "GER"]

1. e4 e5 2. Nf3 Nc6 3. Bb5 Bc5 4. 0-0 Qf6 5. Nc3 Nge7 6. d3 h6 7. Na4 Bb6 8. Nxb6 axb6 9. c3 0-0 10. Be3 d6 11. h3 g5 12. Nh2 Ng6 13. Qh5 Kh7 14. g3 Kg7 15. h4 Rh8 16. hxg5 hxg5 17. Qxg5 Qxg5 18. Bxg5 Rh5 19. Be3 Be6 20. Bxc6 bxc6 21. f3 Rah8 22. Rf2 Rh3 23. Rg2 f5 24. d4 Kf7 25. dxe5 Nxe5 26. exf5 Bd5 27. Rf1 Bc4 28. Rff2 Nd3 29. Rd2 Ne1 30. Bd4 R8h7 31. Rge2 Bxe2 32. Rxe2 Rxh2 33. Rxe1 Rh1+ 0-1

[Event "GER-chT U14"]
[Site "Magdeburg"]
[Date "2012.12.29"]
[Round "5.1"]
[White "Ridder, David"]
[Black "Fluechter, Gregor"]
[Result "0-1"]
[WhiteElo "1582"]
[BlackElo "2016"]
[PlyCount "38"]
[EventDate "2012.12.27"]
[EventType "team-swiss"]
[EventRounds "7"]
[EventCountry "GER"]
[SourceTitle "EXT 2014"]
[Source "ChessBase"]
[SourceDate "2013.11.20"]
[SourceVersion "1"]
[SourceVersionDate "2013.11.20"]
[SourceQuality "1"]
[WhiteTeam "Raesfeld Erle"]
[BlackTeam "Brackel"]
[WhiteTeamCountry "GER"]
[BlackTeamCountry "GER"]

1. e4 c5 2. Nc3 Nc6 3. Bb5 Nd4 4. Bc4 e6 5. Nge2 Nf6 6. 0-0 a6 7. e5 d5 8. exf6 dxc4 9. fxg7 Bxg7 10. d3 cxd3 11. Qxd3 Bd7 12. a4 Bc6 13. Be3 Qh4 14. Ng3 0-0-0 15. Nce4 Nf3+ 16. gxf3 Rxd3 17. Bg5 Qh3 18. cxd3 f5 19. Nxc5 Bxf3 0-1

[Event "GER-chT U12"]
[Site "Gross Doelln"]
[Date "2010.12.30"]
[Round "7.1"]
[White "Hamid, Emran"]
[Black "Ridder, David"]
[Result "0-1"]
[WhiteElo "1717"]
[BlackElo "1476"]
[PlyCount "52"]
[EventDate "2010.12.27"]
[EventType "team-swiss"]
[EventRounds "7"]
[EventCountry "GER"]
[SourceTitle "CBM 140 Extra"]
[Source "ChessBase"]
[SourceDate "2011.03.01"]
[SourceVersion "1"]
[SourceVersionDate "2011.03.01"]
[SourceQuality "1"]
[WhiteTeam "Pforzheim U12"]
[BlackTeam "Raesfeld Erle U12"]
[WhiteTeamCountry "GER"]
[BlackTeamCountry "GER"]

1. c4 e6 2. g3 Nf6 3. Bg2 c5 4. Nc3 d5 5. Nf3 d4 6. Nb1 Nc6 7. 0-0 Bd6 8. d3 0-0 9. a3 e5 10. Nbd2 Bf5 11. Nh4 Qd7 12. Nxf5 Qxf5 13. Ne4 Nxe4 14. Bxe4 Qd7 15. f4 f5 16. Bg2 Rae8 17. fxe5 Nxe5 18. b4 b6 19. Bd2 Qe7 20. b5 Ng4 21. Bf3 Nxh2 22. Kxh2 Qh4+ 23. Kg1 Bxg3 24. Bd5+ Kh8 25. Kg2 Qh2+ 26. Kf3 Bh4 0-1

[Event "GER-chT U12"]
[Site "Gross Doelln"]
[Date "2010.12.28"]
[Round "3.1"]
[White "Sabirov, Ramil"]
[Black "Ridder, David"]
[Result "1-0"]
[WhiteElo "1672"]
[BlackElo "1476"]
[PlyCount "63"]
[EventDate "2010.12.27"]
[EventType "team-swiss"]
[EventRounds "7"]
[EventCountry "GER"]
[SourceTitle "CBM 140 Extra"]
[Source "ChessBase"]
[SourceDate "2011.03.01"]
[SourceVersion "1"]
[SourceVersionDate "2011.03.01"]
[SourceQuality "1"]
[WhiteTeam "Porz SG U12"]
[BlackTeam "Raesfeld Erle U12"]
[WhiteTeamCountry "GER"]
[BlackTeamCountry "GER"]

1. c4 e6 2. g3 Nf6 3. Bg2 Be7 4. Nc3 c5 5. Nf3 d5 6. d3 Nc6 7. 0-0 0-0 8. b3 d4 9. Nb1 Re8 10. Nbd2 Bd6 11. Ng5 h6 12. Nge4 Nxe4 13. Nxe4 f5 14. Nd2 Qf6 15. Bb2 h5 16. e4 h4 17. a3 Qh6 18. Bc1 Qh7 19. Nf3 h3 20. Bh1 Ne5 21. Ng5 Qh8 22. Re1 Bd7 23. exf5 exf5 24. Bd5+ Kf8 25. f4 Ng4 26. Nf7 Qh7 27. Nxd6 Rxe1+ 28. Qxe1 Qg6 29. Nf7 Re8 30. Ne5 Rxe5 31. fxe5 f4 32. Be4 1-0

[Event "GER-chT U12"]
[Site "Arendsee"]
[Date "2009.12.29"]
[Round "6.2"]
[White "Dirks, Alexander"]
[Black "Ridder, David"]
[Result "0-1"]
[WhiteElo "1107"]
[BlackElo "1251"]
[PlyCount "66"]
[EventDate "2009.12.27"]
[EventType "team-swiss"]
[EventRounds "7"]
[EventCountry "GER"]
[SourceTitle "EXT 2022"]
[Source "ChessBase"]
[SourceDate "2021.10.06"]
[SourceVersion "1"]
[SourceVersionDate "2021.10.06"]
[SourceQuality "1"]
[WhiteTeam "Widdern SC U12"]
[BlackTeam "Raesfeld Erle U12"]
[WhiteTeamCountry "GER"]
[BlackTeamCountry "GER"]

1. e4 e5 2. Nf3 Nc6 3. d4 exd4 4. Nxd4 Bc5 5. Be3 d6 6. Nxc6 bxc6 7. Bxc5 dxc5 8. Qxd8+ Kxd8 9. Bc4 Nf6 10. Bxf7 Ba6 11. Nd2 Rf8 12. Bc4 Bb7 13. 0-0-0 Ke7 14. e5 Nd5 15. Nf3 Rf4 16. Bd3 h6 17. a3 Bc8 18. h3 c4 19. Bg6 Rb8 20. Rhe1 c3 21. b3 a5 22. Re4 a4 23. Rxf4 Nxf4 24. Be4 Be6 25. b4 c5 26. Ng1 cxb4 27. Kb1 bxa3+ 28. Ka1 a2 29. g3 Rb4 30. f3 Ng2 31. h4 Ne3 32. Re1 Rxe4 33. fxe4 Nxc2# 0-1

[Event "GER-chT U12"]
[Site "Arendsee"]
[Date "2009.12.28"]
[Round "4.1"]
[White "Wagner, Robert"]
[Black "Ridder, David"]
[Result "1-0"]
[WhiteElo "1603"]
[BlackElo "1251"]
[PlyCount "83"]
[EventDate "2009.12.27"]
[EventType "team-swiss"]
[EventRounds "7"]
[EventCountry "GER"]
[SourceTitle "EXT 2022"]
[Source "ChessBase"]
[SourceDate "2021.10.06"]
[SourceVersion "1"]
[SourceVersionDate "2021.10.06"]
[SourceQuality "1"]
[WhiteTeam "Forchheim SC U12"]
[BlackTeam "Raesfeld Erle U12"]
[WhiteTeamCountry "GER"]
[BlackTeamCountry "GER"]

1. d4 d5 2. c4 e6 3. Nc3 Nf6 4. Nf3 b6 5. Bg5 Nbd7 6. e3 Bb7 7. Bd3 Be7 8. 0-0 c5 9. Rc1 Bc6 10. Qe2 0-0 11. Rfd1 Bd6 12. cxd5 exd5 13. Bb5 Qc7 14. h3 c4 15. Bxf6 Nxf6 16. b3 a6 17. Bxc6 Qxc6 18. bxc4 dxc4 19. Nd2 b5 20. d5 Qc7 21. Nde4 Nxe4 22. Nxe4 Rfe8 23. Qg4 Rac8 24. Nf6+ Kf8 25. Nxe8 Kxe8 26. Rc2 c3 27. Rd4 b4 28. Qxg7 b3 29. axb3 Qa5 30. Re4+ Kd8 31. Qf6+ Kc7 32. Qxc3+ Qxc3 33. Rxc3+ Kb7 34. Rxc8 Kxc8 35. Rc4+ Kd7 36. f4 Bb8 37. Rc6 Ba7 38. Kf2 a5 39. Ra6 Bc5 40. Rxa5 Kd6 41. Kf3 Bb4 42. Rb5 1-0

[Event "GER-chT U12"]
[Site "Arendsee"]
[Date "2009.12.27"]
[Round "1.2"]
[White "Ridder, David"]
[Black "Imgrunt, Philipp"]
[Result "0-1"]
[WhiteElo "1251"]
[BlackElo "1548"]
[PlyCount "62"]
[EventDate "2009.12.27"]
[EventType "team-swiss"]
[EventRounds "7"]
[EventCountry "GER"]
[SourceTitle "EXT 2022"]
[Source "ChessBase"]
[SourceDate "2021.10.06"]
[SourceVersion "1"]
[SourceVersionDate "2021.10.06"]
[SourceQuality "1"]
[WhiteTeam "Raesfeld Erle U12"]
[BlackTeam "Ettlingen U12"]
[WhiteTeamCountry "GER"]
[BlackTeamCountry "GER"]

1. e4 e6 2. d4 d5 3. e5 c5 4. c3 Qb6 5. Nf3 Nc6 6. Bd3 Bd7 7. Bc2 cxd4 8. cxd4 Nge7 9. 0-0 Ng6 10. Nc3 Be7 11. Na4 Qc7 12. Be3 0-0 13. a3 Rac8 14. Qd3 Nb4 15. axb4 Qxc2 16. Nc5 Rxc5 17. Qxc2 Rxc2 18. Rxa7 Bc6 19. Rb1 Bxb4 20. h3 f6 21. Raa1 fxe5 22. dxe5 h6 23. Nd4 Rc4 24. Nxe6 Re8 25. b3 Re4 26. Nd4 R4xe5 27. Re1 Bd6 28. Rac1 Rc8 29. Nb5 Bf8 30. Nd4 Bd7 31. Rcd1 Be6 0-1